ბათუმის შოთა რუსთაველის სახელმწიფო უნივერსიტეტის ბიბლიოთეკა

Специализированный подвижной состав автомобильного транспорта. (ბიბ.ჩანაწერი № 40622)

000 -LEADER
fixed length control field 00809nam a2200229Ia 4500
001 - CONTROL NUMBER
control field 7249
003 - CONTROL NUMBER IDENTIFIER
control field GE_BSU
008 - FIXED-LENGTH DATA ELEMENTS--GENERAL INFORMATION
fixed length control field 181216s||||||||xx |||||||||||||| ||und||
040 ## - CATALOGING SOURCE
Transcribing agency GE_BSU
080 ## - UNIVERSAL DECIMAL CLASSIFICATION NUMBER
Universal Decimal Classification number 629.33.45(075.8)
100 ## - MAIN ENTRY--PERSONAL NAME
Personal name Бурков,М.С.
245 ## - TITLE STATEMENT
Title Специализированный подвижной состав автомобильного транспорта.
245 ## - TITLE STATEMENT
Statement of responsibility, etc. Ред. Б.Б.Соловьев.
250 ## - EDITION STATEMENT
Edition statement 3-е изд., перераб. и доп.
260 ## - PUBLICATION, DISTRIBUTION, ETC.
Place of publication, distribution, etc. М.
260 ## - PUBLICATION, DISTRIBUTION, ETC.
Name of publisher, distributor, etc. Транспорт.
260 ## - PUBLICATION, DISTRIBUTION, ETC.
Date of publication, distribution, etc. 1979.
300 ## - PHYSICAL DESCRIPTION
Extent 296стр.22см.с илл.библиогр.:стр.293.
300 ## - PHYSICAL DESCRIPTION
Accompanying material табл.
653 ## - INDEX TERM--UNCONTROLLED
Uncontrolled term Специализированный подвижной состав автомобильного транспорта.
942 ## - ADDED ENTRY ELEMENTS (KOHA)
Koha item type წიგნი
ეგზემპლარები
Withdrawn status Lost status Damaged status Not for loan Date acquired Barcode Date last seen Price effective from Koha item type
        2018-12-17 12004 2018-12-17 2018-12-17 წიგნი
        2018-12-17 12005 2018-12-17 2018-12-17 წიგნი
        2018-12-17 12006 2018-12-17 2018-12-17 წიგნი